000 00430nam a2200157Ia 4500
008 230917s9999||||xx |||||||||||||| ||und||
040 _e46202
_aMAIN
041 _aEnglish
082 _a294.363 B859G:R
100 _aGandhi, Sharada
245 0 _aRasavahini: a stream of sentiments ( being the previous birth stories of the Buddha )
250 _a1st ed.
260 _aDelhi
_bParimal
_c1988
300 _axiv, p.
942 _cBK
999 _c61841
_d61841